| 000 | 00973cam a22003015a 4500 | ||
|---|---|---|---|
| 001 | 2086705 | ||
| 005 | 20150603144619.0 | ||
| 008 | 950327t1995 caudk frb 001 0 eng d | ||
| 020 | _a0124086551 (case : alk. paper) | ||
| 020 | _a9780124086555 | ||
| 040 |
_aDLC _cDLC _dDLC _dEG-ScBUE |
||
| 082 | 0 | 0 |
_a621.36 _222 _bKIN |
| 100 | 1 |
_aKingston, Robert Hildreth, _d1928- _938115 |
|
| 245 | 1 | 0 |
_aOptical sources, detectors, and systems : _bfundamentals and applications / _cRobert H. Kingston. |
| 260 |
_aSan Diego : _bAcademic Press, _cc.1995. |
||
| 300 |
_aix, 198 p. : _bcharts, forms ; _c24 cm. |
||
| 490 | 0 | _aOptics and photonics | |
| 500 | _aIndex : p. 195-198. | ||
| 504 | _aBibliography : p. 193-194. | ||
| 650 | 0 |
_aPhotonics. _2BUEsh |
|
| 650 | 0 |
_aOptical detectors. _2BUEsh |
|
| 650 | 0 |
_aOptical communications. _2BUEsh |
|
| 650 | 0 |
_aImaging systems. _2BUEsh |
|
| 651 | _2BUEsh | ||
| 653 |
_bENGGEN _cJune2015 |
||
| 655 |
_vreading book _934232 |
||
| 942 | _2ddc | ||
| 999 |
_c19482 _d19454 |
||